| 000 | 00525nam a2200157Ia 4500 | ||
|---|---|---|---|
| 008 | 100122s9999 xx 000 0 und d | ||
| 082 |
_b10149 _a500 |
||
| 100 | _aसोवनी रा वि | ||
| 245 | _aविज्ञानाशीं हितगुज | ||
| 250 | _a1 | ||
| 260 |
_bमॅजेस्टिक बुक स्टॉल _c1959 |
||
| 300 | _a133 | ||
| 630 | _aविज्ञानाशीं हितगुज | ||
| 730 | _aविज्ञानाशीं हितगुज | ||
| 942 | _cBOOK | ||
| 999 |
_c401882 _d401879 |
||